René Kubelík zo svetoznámeho rodu sa narodil v Košiciach "chodím tu navštevovať svoju 93-ročnú babičku, tak sa tu cítim ako doma," tvrdí husľový virtuóz

Bibliographic Details
Main Authors: Tomáschová, Andrea (Author, Interviewer), Kubelík, René (Author)
Format: Article
Language:Slovak
PhysicalDescription:Fotogr.
ISSN:1335-4566
Subjects:

MARC

LEADER 00000nab a2200000 a 4500
001 vtls008878114
003 SK-MaSNL
005 20260303061430.0
008 061113c20061113xo drz 0 0slo
038 |a KEVKJB 
040 |a KEVKJB  |b slo  |c KEVKJB  |e AACR2 
041 0 |a slo 
044 |a xo  |c SK 
080 |a 78.071.2  |2 2001 
080 |a 929 Kubelík, René  |2 2001 
100 1 |a Tomáschová, Andrea  |4 ivr  |4 aut  |9 878366 
245 1 0 |a René Kubelík zo svetoznámeho rodu sa narodil v Košiciach  |b "chodím tu navštevovať svoju 93-ročnú babičku, tak sa tu cítim ako doma," tvrdí husľový virtuóz  |c Andrea Tomáschová 
300 |b Fotogr. 
600 1 7 |a Kubelík, René  |2 kevkjb  |9 1055687 
650 0 7 |a huslisti  |2 kevkjb  |9 3193 
651 7 |a Košice (Slovensko)  |2 kevkjb  |9 18694 
700 1 |a Kubelík, René  |4 ive  |4 aut  |9 1055687 
773 0 |t Košický denník Korzár  |g Roč. IX, č. 261 (13.11.2006), s. 4  |x 1335-4566 
852 |a KEVKJB  |b KIS3GCP 
958 |a BX 
958 |a BC 
958 |a DE 
999 |c 1735312  |d 1737242